All leaders of European countries - Statistics

General Stats
  • This quiz has been taken 26 times
  • The average score is 7 of 46
Answer Stats
Years of rule Country Position Leader % Correct
2005- Germany Chancellor Angela Merkel
82%
2017- Poland Prime Minister Mateusz Morawiecki
73%
2012- Russia President Vladimir Putin
59%
2017- France President Emmanuel Macron
55%
2017- Andorra Prince Emmanuel Macron
55%
2013- Vatican Pope Francis
50%
2019- United Kingdom Prime Minister Boris Johnson
41%
2019- Ukraine President Volodymyr Zelensky
41%
1994- Belarus President Alexander Lukashenko
36%
2010- Hungary Prime Minister Viktor Orbán
32%
2014- Turkey President Recep Tayyip Erdoğan
27%
2020- Austria Chancellor Sebastian Kurz
27%
2017- Czech Republic Prime Minister Andrej Babiš
18%
2005- Monaco Prince Albert II
14%
2018- Spain Prime Minister Pedro Sánchez
14%
2017- Serbia President Aleksandar Vučić
9%
2018- Italy Prime Minister Giuseppe Conte
9%
2010- Netherlands Prime Minister Mark Rutte
9%
2019- Finland Prime Minister Sanna Marin
9%
2020- Belgium Prime Minister Alexander De Croo
5%
2016- Croatia Prime Minister Andrej Plenković
5%
2019- Latvia Prime Minister Arturs Krišjānis Kariņš
5%
2012- Slovenia President Borut Pahor
5%
2013- Norway Prime Minister Erna Solberg
5%
2020- Romania Prime Minister Florin Cîțu
5%
2020- Lithuania Prime Minister Ingrida Simonyte
5%
2016- Estonia Prime Minister Jüri Ratas
5%
2017- Iceland Prime Minister Katrín Jakobsdóttir
5%
2019- Greece Prime Minister Kiriakos Mitsotakis
5%
2016- Portugal President Marcelo Rebelo de Sousa
5%
2011- Gibraltar Prime Minister Marcelo Rebelo de Sousa
5%
2019- Denmark Prime Minister Mette Frederiksen
5%
2020- Ireland Prime Minister Micheál Martin
5%
2017- Bulgaria President Rumen Radev
5%
2020- Switzerland President Simonetta Sommaruga
5%
2014- Sweden Prime Minister Stefan Löfven
5%
2013- Luxembourg Prime Minister Xavier Bettel
5%
2020- North Macedonia Prime Minister Zoran Zaev
5%
2013- Liechtenstein Prime Minister Adrian Hasler
0%
2020- San Marino Captain Regent Alessandro Mancini / Grazia Zafferani
0%
2020- Slovakia Prime Minister Igor Matovič
0%
2017- Albania President Ilir Meta
0%
2019- Moldova Prime Minister Ion Chicu
0%
2020- Kosovo President Vjosa Osmani
0%
2020- Montenegro Prime Minister Zdravko Krivokapić
0%
2019- Bosnia and Herzegovina Prime Minister Zoran Tegeltija
0%
No matching quizzes found
Score Distribution
Percent of People with Each Score
Percentile by Number Answered
Your Score History
You have not taken this quiz